000 00660nam a2200229Ia 4500
003 OSt
005 20220928135336.0
006 a|||||r|||| 00| 0
007 ta
008 220927b |||||||| |||| 00| 0 eng d
024 _a1307
037 _cTextual
040 _aSDCL
_cSDCL
_beng
041 _2eng
_aeng
082 _aX:31-8F, L4
100 _aLivingstone John Leslie
_9489860
245 0 _aAccounting for social goals
_b Budgeting and analysis of nonmarket projects
260 _c1974
700 _a Gunn Sanford C
_9489861
942 _hX:31-8F, L4
_cTEXL
_2CC
999 _c805173
_d805173